El reino subterráneo / (Registro nro. 8864)

Detalles MARC
000 -LIDER
fixed length control field 00802nam a22002777a 4500
001 - NÚMERO DE CONTROL
Identificador de número de control 25376
003 - IDENTIFICACDOR DE NÚMERO DE CONTROL
control field DO-SdBNP
005 - DATE AND TIME OF LATEST TRANSACTION
control field 20180222105637.0
007 - CAMPOS FIJOS DE DESCRIPCIÓN FÍSICA
fixed length control field 25376
008 - ELEMENTOS DE LONGITUD FIJA
fixed length control field 840424s1985 sp a 000 spa
016 7# - NO. DE CONTROL DE LA AGENCIA BIB. NACIONAL
Source BPMSU
020 ## - ISBN
International Standard Book Number 8471765632
040 ## - FUENTE DE CATALOGACIÓN
Agencia que crea de manera original el registro BPMSU
Idioma de catalogación spa
Agencia que realiza la transcripción BPMSU
100 1# - ASIENTO PRINCIPAL -- NOMBRE PERSONAL
Nombre personal Packard, Edward
240 10 - TITULO UNIFORME
Título uniforme Underground kingdom
Idioma de una obra Español
245 13 - MENCIÓN DE TITULO
Título El reino subterráneo /
Mención de responsabilidad Edward Packard ; ilustraciones, Antohony Kramer
250 ## - MENCIÓN DE EDICION
Mención de edición 4ª ed.
260 ## - PUBLICACIÓN, DISTRIBUCIÓN, ETC. (PIE DE IMPRENTA)
Lugar de publicación, distribución, etc Barcelona;
Nombre del editor, distribuidor, etc. Timun Mas,
Fecha de publicación, distribución, etc 1985.
300 ## - DESCRIPCIÓN FÍSICA
Extensión 108 p.;
Otros detalles físicos il.:
Dimensiones 17 cm.
490 0# - MENCIÓN DE SERIES
Mención de serie Elige tu propia aventura
Volume/sequential designation 8
700 ## - ASIENTO SECUNDARIO -- NOMBRE PERSONAL
Término de relación Kramer, Antoniy
Nombre personal ilustraciones
830 #0 - ASIENTO SECUNDARIO DE SERIE--TÍTULO UNIFORME
Título uniforme Elige tu propia aventura
Volume number/sequential designation 8
942 ## - ADDED ENTRY ELEMENTS (KOHA)
Source of classification or shelving scheme Dewey Decimal Classification
Koha item type Libros
945 ## - INFORMACIÓN DE PROCESAMIENTO LOCAL
Información de procesamiento local Inventariado, 2018/ YL
956 ## - LOCAL ELECTRONIC LOCATION AND ACCESS (OCLC)
Nombre de host VMATEO
Método de acceso 10
Materiales especificados 20151123
Enlace BPMSU
Campo enlazado y núm. de secuencia 00151
Existencias
Withdrawn status Lost status Source of classification or shelving scheme Damaged status Not for loan Collection code Home library Current library Date acquired Source of acquisition Total Checkouts Barcode Date last seen Price effective from Koha item type
    Dewey Decimal Classification     Colección Infantil General Biblioteca Pública Metropolitana Salomé Ureña Biblioteca Pública Metropolitana Salomé Ureña 11/23/2015 FUNDI   BPMSU15110437 11/23/2015 11/23/2015 Libros